| 000 | 01220nam a22002897a 4500 | ||
|---|---|---|---|
| 001 | 9545 | ||
| 003 | FISKH | ||
| 005 | 20260121094054.0 | ||
| 008 | 260121b cb ||||| |||| 00| 0 eng d | ||
| 020 | _a188089257 | ||
| 040 |
_aFISKH _beng _cFISKH _dFISKH |
||
| 050 | _aPZ7 | ||
| 082 | _a428.6 | ||
| 100 |
_aNichols, Yuriko _eAuthor |
||
| 245 |
_aBill and Dan : _bSuccessful reading for beginners / _cWritten by Yuriko Nichols ; illustrations by Jane Tasciotti |
||
| 260 |
_aMelrose : _bCommon Sense Press , _c1998 |
||
| 300 |
_a10 pages : _billustrations ; _c11 x 14 cm |
||
| 490 |
_aShort vowel reader : _vBook 5 |
||
| 505 | _aE | ||
| 520 | _aSuccessful Reading for Beginners is an early-reader story that helps new readers practice basic reading skills. The book follows Bil and Dan through simple, everyday actions using short sentences, repeated words, and clear illustrations. It is designed to build confidence, support phonics learning, and encourage children who are just beginning to read on their own. | ||
| 521 | 8 |
_a200
_bLexile estimate |
|
| 521 | 8 |
_aE
_bRaz-Plus |
|
| 650 |
_aBeginner reading _vVowel book |
||
| 700 |
_aTasciotti, Jane _eIllustrator |
||
| 942 |
_2ddc _cBK _n0 |
||
| 999 |
_c9545 _d9545 |
||